| 000 | 004570000a22001810004500 | ||
|---|---|---|---|
| 003 | MACL | ||
| 005 | 20160114131813.0 | ||
| 008 | 160114b xxu||||| |||| 00| 0 eng d | ||
| 040 |
_aMACL _cMACL |
||
| 041 | _aEnglish | ||
| 082 | _a823/SIN | ||
| 100 |
_aSingh, Pramod Kumar _932193 |
||
| 245 | _aMajor indo English Novelists and Novels | ||
| 260 |
_bSublime Publication _c2001 _aJaipur |
||
| 350 | _a450 | ||
| 650 |
_aFicition _932194 |
||
| 942 |
_cBK _k823 _2ddc |
||
| 999 |
_c9589 _d9589 |
||